[Event "4NCL Division 4 South"]
[Site "Daventry, ENG"]
[Date "2019.04.14"]
[Round "8.104"]
[White "Evans, Christopher J"]
[Black "Ross, Stuart"]
[Result "1-0"]
[WhiteElo "1730"]
[BlackElo "1727"]
[PlyCount "115"]
[EventDate "2019.04.14"]
[WhiteTeam "Banbury Bulldogs"]
[BlackTeam "Shropshire 3"]

1. e4 c5 2. Nf3 d6 3. d4 cxd4 4. Nxd4 Nf6 5. Nc3 a6 6. Bg5 e6 7. Qd2 Be7 8. Be2
Nbd7 9. f4 Qc7 10. g4 b5 11. Bxf6 Nxf6 12. g5 b4 13. Ncb5 axb5 14. gxf6 gxf6
15. Bxb5+ Bd7 16. Qxb4 d5 17. Qb3 Qa5+ 18. c3 Bxb5 19. Qxb5+ Qxb5 20. Nxb5 Rb8
21. a4 dxe4 22. Rg1 f5 23. Rg2 Bf6 24. O-O-O Ke7 25. Nd4 Rhc8 26. Kc2 Rb4 27.
Rgd2 Rxa4 28. Nb5 Ra5 29. Rd7+ Kf8 30. Rb7 Rd8 31. Rxd8+ Bxd8 32. Rb8 Ke7 33.
Nd4 Ra6 34. h4 Rd6 35. b4 Kf6 36. b5 Bb6 37. Nb3 Be3 38. c4 Bxf4 39. Ra8 e3 40.
c5 e2 41. Ra1 Rd8 42. Re1 Be3 43. Kc3 f4 44. Rxe2 Ke7 45. Kc4 Kd7 46. b6 Kc8
47. Kb5 Rd3 48. Kc4 Rxb3 49. Kxb3 Kb7 50. Kc4 Kc6 51. Rb2 f3 52. Kd3 Bxc5 53.
b7 f2 54. Ke2 Ba7 55. b8=Q Bxb8 56. Rxb8 f5 57. Rh8 Kd5 58. Rxh7 1-0

[Event "4NCL Division 4 South"]
[Site "Daventry, ENG"]
[Date "2019.04.14"]
[Round "8.105"]
[White "Jones, Andrew"]
[Black "Joian, Danut"]
[Result "0-1"]
[WhiteElo "1510"]
[BlackElo "1787"]
[PlyCount "42"]
[EventDate "2019.04.14"]
[WhiteTeam "Shropshire 3"]
[BlackTeam "Banbury Bulldogs"]

1. e4 Nf6 2. Nf3 Nxe4 3. d4 d5 4. c4 c6 5. h3 Qa5+ 6. Nbd2 g6 7. Bd3 Bg7 8. O-O
Nf6 9. Re1 Qc7 10. Qe2 e6 11. b3 O-O 12. Ba3 Re8 13. Nf1 Nbd7 14. Rac1 b6 15.
cxd5 Nxd5 16. Ne3 Nf4 17. Qc2 Nxd3 18. Qxd3 Bb7 19. Nc4 c5 20. Red1 Bxf3 21.
Qxf3 Bxd4 0-1

[Event "4NCL Division 4 South"]
[Site "Daventry, ENG"]
[Date "2019.04.14"]
[Round "8.106"]
[White "Rumsby, Stephen"]
[Black "Bowcott-Terry, Silas"]
[Result "1-0"]
[WhiteElo "1605"]
[BlackElo "1450"]
[PlyCount "63"]
[EventDate "2019.04.14"]
[WhiteTeam "Banbury Bulldogs"]
[BlackTeam "Shropshire 3"]

1. e4 c5 2. Nc3 d6 3. f4 e6 4. Nf3 Be7 5. Bc4 Bd7 6. O-O a6 7. a4 Nc6 8. d3 Qc7
9. Qe1 h6 10. Qg3 Bf6 11. f5 exf5 12. Nd5 Qd8 13. Nxf6+ Qxf6 14. exf5 Bxf5 15.
Nh4 Nge7 16. c3 Ne5 17. Nxf5 Nxf5 18. Qf4 Nxc4 19. Qxc4 Qe5 20. Bf4 Qf6 21.
Rae1+ Ne7 22. Bg3 Qg6 23. Qd5 Rd8 24. Qxb7 Rd7 25. Qc6 Qxd3 26. Rf3 Qg6 27.
Rfe3 Kd8 28. Qb6+ Kc8 29. Rxe7 Rxe7 30. Rxe7 Qb1+ 31. Re1 Qh7 32. Bxd6 1-0

[Event "4NCL Division 4 South"]
[Site "Daventry, ENG"]
[Date "2019.04.14"]
[Round "8.111"]
[White "Smith, Steve"]
[Black "Bush, Ian"]
[Result "1-0"]
[WhiteElo "1763"]
[BlackElo "1780"]
[PlyCount "57"]
[EventDate "2019.04.14"]
[WhiteTeam "West is Best 4"]
[BlackTeam "Oxford 4"]

1. e4 d6 2. d4 Nf6 3. Nc3 g6 4. Be3 c6 5. h3 Nbd7 6. g4 b5 7. Bg2 Nb6 8. e5
Nfd5 9. Nxd5 Nxd5 10. Qd2 Bb7 11. Bh6 Bxh6 12. Qxh6 Qa5+ 13. c3 O-O-O 14. Ne2
dxe5 15. dxe5 b4 16. O-O bxc3 17. Nxc3 Nxc3 18. bxc3 Qxe5 19. Qc1 Qc5 20. Qb2
Kc7 21. Rad1 Rb8 22. Qd2 Qd6 23. Qe3 Qe6 24. Qf4+ Kc8 25. Rfe1 Qf6 26. Qd2 Qd6
27. Qe3 Qf6 28. Qxe7 Qxc3 29. Qd7# 1-0

[Event "4NCL Division 4 South"]
[Site "Daventry, ENG"]
[Date "2019.04.14"]
[Round "8.112"]
[White "Neatherway, A Philip"]
[Black "Eckert, Jonathan"]
[Result "1/2-1/2"]
[WhiteElo "1793"]
[BlackElo "1681"]
[PlyCount "93"]
[EventDate "2019.04.14"]
[WhiteTeam "Oxford 4"]
[BlackTeam "West is Best 4"]

1. e4 e5 2. Nf3 Nc6 3. Bb5 f5 4. Nc3 fxe4 5. Nxe4 d5 6. Nxe5 dxe4 7. Qh5+ g6 8.
Nxg6 hxg6 9. Bxc6+ bxc6 10. Qxh8 Be6 11. O-O Qf6 12. Qxf6 Nxf6 13. d3 exd3 14.
Bg5 Kf7 15. cxd3 Rd8 16. Rfd1 Rb8 17. b3 Rb5 18. Be3 a6 19. Rac1 Bd5 20. f3 Rb8
21. Kf2 Nd7 22. Bd4 Re8 23. Re1 Rxe1 24. Rxe1 Nc5 25. Bxc5 Bxc5+ 26. Kg3 Bd6+
27. Kf2 c5 28. h4 Be7 29. g3 Bf6 30. Rh1 Bd4+ 31. Ke2 Be5 32. g4 Kg7 33. h5 Bf4
34. hxg6 Kxg6 35. Rh5 c6 36. Rf5 Bd6 37. Ke3 Be6 38. Rh5 Be7 39. Kf2 Bd6 40.
Ke3 Be7 41. Re5 Kf6 42. Re4 Bd6 43. g5+ Kf5 44. g6 Be5 45. Rg4 Bd4+ 46. Ke2 Bg7
47. Ra4 1/2-1/2

[Event "4NCL Division 4 South"]
[Site "Daventry, ENG"]
[Date "2019.04.14"]
[Round "8.113"]
[White "McIntosh, Rachel"]
[Black "Henbest, Kevin B"]
[Result "0-1"]
[WhiteElo "1502"]
[BlackElo "1639"]
[PlyCount "58"]
[EventDate "2019.04.14"]
[WhiteTeam "West is Best 4"]
[BlackTeam "Oxford 4"]

1. e4 c5 2. Nc3 d6 3. f4 Nc6 4. Nf3 Nf6 5. Bc4 e6 6. d3 Be7 7. O-O O-O 8. Qe1
Qc7 9. h3 a6 10. a4 Na5 11. Ba2 Bd7 12. f5 c4 13. Qh4 exf5 14. exf5 Bxf5 15.
Nd4 Bg6 16. Nf5 Bxf5 17. Rxf5 cxd3 18. cxd3 Nc6 19. Qg3 Ne5 20. d4 Ng6 21. h4
Qd7 22. Bb1 d5 23. Ne2 Ne4 24. Bxe4 dxe4 25. Rf1 Bxh4 26. Qb3 Rac8 27. Be3 Qg4
28. Bf2 Qxe2 29. Rae1 Bxf2+ 0-1

[Event "4NCL Division 4 South"]
[Site "Daventry, ENG"]
[Date "2019.04.14"]
[Round "8.114"]
[White "Burcham, Tony"]
[Black "Davies, Merlin"]
[Result "1-0"]
[WhiteElo "1650"]
[BlackElo "1566"]
[PlyCount "73"]
[EventDate "2019.04.14"]
[WhiteTeam "Oxford 4"]
[BlackTeam "West is Best 4"]

1. c4 Nf6 2. g3 e6 3. Bg2 d5 4. cxd5 c6 5. dxc6 Nxc6 6. a3 Bc5 7. e3 O-O 8. b4
Bb6 9. Bb2 Bc7 10. Nc3 Ne5 11. d4 Nc4 12. Qb3 Nxb2 13. Qxb2 e5 14. Nge2 Re8 15.
O-O e4 16. Rac1 Bg4 17. h3 Bf3 18. Nb5 Bb8 19. Nbc3 h5 20. Rc2 h4 21. Qa2 Nh5
22. Qd5 Qxd5 23. Nxd5 Bxe2 24. Rxe2 hxg3 25. f3 f5 26. fxe4 fxe4 27. Rf5 Nf6
28. Rxf6 gxf6 29. Nxf6+ Kf7 30. Nxe8 Kxe8 31. Bxe4 a5 32. Bxb7 Ra7 33. Bc6+ Ke7
34. b5 Bd6 35. a4 Kd8 36. e4 Rf7 37. Kg2 1-0

[Event "4NCL Division 4 South"]
[Site "Daventry, ENG"]
[Date "2019.04.14"]
[Round "8.115"]
[White "McIntosh, David"]
[Black "Beckett, Richard"]
[Result "1-0"]
[WhiteElo "1484"]
[BlackElo "1639"]
[PlyCount "115"]
[EventDate "2019.04.14"]
[WhiteTeam "West is Best 4"]
[BlackTeam "Oxford 4"]

1. d4 Nf6 2. c4 c5 3. d5 b5 4. cxb5 a6 5. bxa6 Bxa6 6. Nc3 d6 7. e4 g6 8. Bxa6
Nxa6 9. a3 Bg7 10. Bd2 O-O 11. Nf3 Qb6 12. Rb1 Ng4 13. O-O Rfb8 14. b3 Rb7 15.
h3 Ne5 16. Nxe5 Bxe5 17. Na4 Qc7 18. Bc3 Bxc3 19. Nxc3 Qa5 20. Qc1 Rab8 21. Qc2
Nc7 22. a4 Na6 23. Nb5 Nb4 24. Qd2 Qd8 25. Qf4 Qd7 26. Rfd1 f6 27. Qg4 Qxg4 28.
hxg4 Kf7 29. g3 g5 30. Kg2 Kg6 31. f4 Nc2 32. Rd2 Nb4 33. Kf3 Rf8 34. Rh2 h6
35. Rbh1 Rh8 36. Ke3 Kg7 37. Kd2 Kg6 38. Kc3 Rh7 39. Kc4 Na6 40. Rf1 Rh8 41. e5
Rhb8 42. exd6 exd6 43. f5+ Kg7 44. Re2 Kf8 45. Rfe1 Nc7 46. Nxc7 Rb4+ 47. Kd3
Rxb3+ 48. Kd2 Rb2+ 49. Ke3 Rxe2+ 50. Rxe2 Rb4 51. Ra2 Rb3+ 52. Kf2 c4 53. a5 c3
54. a6 Rb2+ 55. Rxb2 cxb2 56. a7 b1=Q 57. a8=Q+ Kg7 58. Ne6+ 1-0

[Event "4NCL Division 4 South"]
[Site "Daventry, ENG"]
[Date "2019.04.14"]
[Round "8.116"]
[White "Matilal, Tamal"]
[Black "Fowler, Caspian"]
[Result "0-1"]
[WhiteElo "1419"]
[BlackElo "1471"]
[PlyCount "124"]
[EventDate "2019.04.14"]
[WhiteTeam "Oxford 4"]
[BlackTeam "West is Best 4"]

1. Nf3 Nf6 2. d4 g6 3. Bf4 Bg7 4. e3 O-O 5. h3 c5 6. c3 Qa5 7. Nbd2 cxd4 8.
exd4 Nc6 9. Bd3 d5 10. Nb3 Qd8 11. O-O Nd7 12. Re1 Re8 13. Qc2 e5 14. dxe5
Ndxe5 15. Nxe5 Nxe5 16. Bb5 Bd7 17. Bxd7 Qxd7 18. Rad1 Rac8 19. Qd2 Nc4 20.
Rxe8+ Rxe8 21. Qxd5 Re1+ 22. Rxe1 Qxd5 23. Re8+ Bf8 24. Bh6 Qd1+ 25. Kh2 Qd6+
26. g3 Nxb2 27. Bxf8 Qxf8 28. Rxf8+ Kxf8 29. Nc5 b6 30. Ne4 Ke7 31. f4 Na4 32.
c4 f5 33. Ng5 Nb2 34. Nxh7 Nxc4 35. Ng5 Nd2 36. Kg2 Nb1 37. g4 fxg4 38. hxg4
Nc3 39. a3 a5 40. Nf3 b5 41. Nd4 Kd6 42. Kf3 b4 43. axb4 axb4 44. Ke3 Kd5 45.
Kd3 Nd1 46. g5 Nb2+ 47. Ke3 Nc4+ 48. Kd3 Nd6 49. Nf3 b3 50. Nd2 b2 51. Kc2 Ke6
52. Kxb2 Kf5 53. Kc3 Ne4+ 54. Kd3 Nxd2 55. Kxd2 Kxf4 56. Ke2 Kxg5 57. Kf3 Kh4
58. Kf4 g5+ 59. Kf3 Kh3 60. Kf2 g4 61. Kg1 Kg3 62. Kf1 Kh2 0-1

[Event "4NCL Division 4 South"]
[Site "Daventry, ENG"]
[Date "2019.04.14"]
[Round "8.121"]
[White "Campbell, Mark C"]
[Black "Ogunshola, Ben"]
[Result "0-1"]
[WhiteElo "1892"]
[BlackElo "2193"]
[PlyCount "66"]
[EventDate "2019.04.14"]
[WhiteTeam "Cambridge University 3"]
[BlackTeam "The Pitstop"]

1. e4 c5 2. Nf3 d6 3. d4 cxd4 4. Nxd4 Nf6 5. Nc3 g6 6. Be3 Nc6 7. f3 Bg7 8. Qd2
Bd7 9. O-O-O h5 10. Kb1 Rc8 11. h3 a6 12. f4 Qc7 13. Nf3 b5 14. Bd3 Kf8 15. f5
gxf5 16. exf5 Na5 17. Qf2 Nc4 18. Bd4 Rg8 19. Ne4 Nxe4 20. Bxg7+ Rxg7 21. Bxe4
Qc5 22. Nd4 Qe5 23. Rhe1 Qf6 24. Qe2 Rg5 25. c3 Rc5 26. Qf2 Re5 27. Nf3 Rxe4
28. Nxg5 Bxf5 29. Rxe4 Qxg5 30. Qd4 e5 31. Qd5 Qxg2 32. Qa8+ Kg7 33. Rde1 Qxb2#
0-1

[Event "4NCL Division 4 South"]
[Site "Daventry, ENG"]
[Date "2019.04.14"]
[Round "8.122"]
[White "Froom, Oliver"]
[Black "Lim, Mark"]
[Result "1/2-1/2"]
[WhiteElo "1939"]
[BlackElo "1811"]
[PlyCount "104"]
[EventDate "2019.04.14"]
[WhiteTeam "The Pitstop"]
[BlackTeam "Cambridge University 3"]

1. e4 e6 2. d4 d5 3. e5 c5 4. c3 Nc6 5. Nf3 Nge7 6. Bd3 cxd4 7. cxd4 Nf5 8.
Bxf5 exf5 9. O-O Be6 10. Nc3 h6 11. Ne1 Qb6 12. Nc2 O-O-O 13. Rb1 Kb8 14. b4
Rc8 15. Na4 Qc7 16. Nc5 Ka8 17. Na3 b6 18. Na6 Qb7 19. b5 Na5 20. Nc2 Be7 21.
Bd2 Nc4 22. Bb4 Bg5 23. f4 Bd8 24. Qd3 g5 25. Bd2 Nxd2 26. Qxd2 gxf4 27. Nab4
Bg5 28. Rf3 Rc7 29. Nc6 Qc8 30. N6b4 Qd7 31. a4 Rhc8 32. Ne1 Rc4 33. Qb2 f6 34.
Ned3 Qe8 35. Re1 Qg8 36. Nc6 Qe8 37. Ndb4 Qf8 38. Rb1 Rc7 39. Rf2 Qc8 40. Rf3
fxe5 41. Nxe5 Rc1+ 42. Rf1 Rxb1 43. Rxb1 f3 44. Nxf3 Be3+ 45. Kf1 Rc4 46. Nc6
f4 47. a5 bxa5 48. Nfe5 Bf5 49. Ra1 Rc2 50. Rxa5 Qb7 51. Qa3 Rc1+ 52. Ke2 Rc2+
1/2-1/2

[Event "4NCL Division 4 South"]
[Site "Daventry, ENG"]
[Date "2019.04.14"]
[Round "8.123"]
[White "Phillips, William"]
[Black "Homer, Neil S"]
[Result "1-0"]
[WhiteElo "1843"]
[BlackElo "1692"]
[PlyCount "83"]
[EventDate "2019.04.14"]
[WhiteTeam "Cambridge University 3"]
[BlackTeam "The Pitstop"]

1. d4 d5 2. c4 e6 3. Nc3 c5 4. cxd5 exd5 5. Nf3 Nc6 6. g3 Nf6 7. Bg2 Be7 8. O-O
O-O 9. Bf4 c4 10. Ne5 Bf5 11. b3 Bb4 12. Nxc6 bxc6 13. Bd2 Qa5 14. Rc1 Bxc3 15.
Rxc3 Qxa2 16. bxc4 dxc4 17. Bxc6 Rac8 18. Bg2 Rfd8 19. Be3 Nd5 20. Bxd5 Rxd5
21. Re1 Ra5 22. f3 Qb2 23. Qc1 Ra2 24. Qxb2 Rxb2 25. Bc1 Rb3 26. Bd2 Rxc3 27.
Bxc3 Rb8 28. e4 Bd7 29. Ra1 Rb7 30. Ra2 Bb5 31. Kf2 a6 32. Ke3 f6 33. d5 Kf7
34. g4 Rd7 35. h4 h6 36. Kd4 Rc7 37. f4 Rd7 38. e5 fxe5+ 39. fxe5 Rc7 40. e6+
Ke8 41. Rb2 Ra7 42. Bb4 1-0

[Event "4NCL Division 4 South"]
[Site "Daventry, ENG"]
[Date "2019.04.14"]
[Round "8.125"]
[White "O'shea, Colm"]
[Black "Fernando, Manel"]
[Result "1-0"]
[WhiteElo "1717"]
[BlackElo "1486"]
[PlyCount "91"]
[EventDate "2019.04.14"]
[WhiteTeam "Cambridge University 3"]
[BlackTeam "The Pitstop"]

1. e4 e5 2. Nf3 Nc6 3. Bc4 Be7 4. d4 d6 5. dxe5 Nxe5 6. Nxe5 dxe5 7. Qxd8+ Bxd8
8. O-O Nf6 9. Nc3 O-O 10. Be3 c6 11. Bc5 Re8 12. f3 b6 13. Be3 Be6 14. Bxe6
Rxe6 15. Rfd1 h6 16. Rd3 Be7 17. Rad1 Kh7 18. Kf2 g5 19. g4 Kg6 20. h3 h5 21.
Kg2 hxg4 22. hxg4 Rh8 23. Ne2 c5 24. c4 a6 25. Nc3 Rb8 26. a4 Rb7 27. Nd5 Nxd5
28. cxd5 Rd6 29. Rc3 Rdd7 30. b3 Bd6 31. Rcc1 a5 32. Rh1 f6 33. Rh5 Rh7 34.
Rch1 Rxh5 35. gxh5+ Kh6 36. Kg3 b5 37. Kg4 bxa4 38. bxa4 Rb3 39. Bd2 Bc7 40.
Rc1 Bb6 41. Rc3 Rb2 42. Be3 Rb4 43. Bxc5 Bxc5 44. Rxc5 Rxa4 45. d6 Rd4 46. Rd5
1-0

[Event "4NCL Division 4 South"]
[Site "Daventry, ENG"]
[Date "2019.04.14"]
[Round "8.131"]
[White "Vig, Sanjay"]
[Black "Kesterson, Kennan"]
[Result "0-1"]
[WhiteElo "1540"]
[BlackElo "1892"]
[PlyCount "96"]
[EventDate "2019.04.14"]
[WhiteTeam "Watford 2"]
[BlackTeam "Barnet Knights 2"]

1. e4 e6 2. d4 d5 3. e5 c5 4. c3 Nc6 5. Nf3 Qb6 6. Bd3 Bd7 7. O-O Rc8 8. Ng5
Be7 9. Nxf7 Kxf7 10. Qf3+ Nf6 11. exf6 Bxf6 12. dxc5 Qxc5 13. Be3 Qd6 14. Qh5+
g6 15. Qh6 e5 16. Nd2 Ne7 17. Bg5 Bf5 18. Bxf6 Qxf6 19. Qe3 Nc6 20. Bxf5 gxf5
21. Nf3 Rhg8 22. Rad1 Rcd8 23. Rfe1 e4 24. Nd4 Nxd4 25. Rxd4 Qh4 26. g3 f4 27.
Qe2 Rd6 28. Kh1 Qg5 29. Qb5 b6 30. Rexe4 dxe4 31. Qxg5 Rxg5 32. Rxd6 fxg3 33.
hxg3 e3 34. fxe3 Rxg3 35. Rd7+ Ke6 36. Rxa7 Rxe3 37. Rxh7 Re1+ 38. Kg2 Re2+ 39.
Kg3 Rxb2 40. Rh2 Rxh2 41. Kxh2 Kd5 42. Kg2 Kc4 43. Kf2 Kxc3 44. Ke2 b5 45. Kd1
Kb2 46. a3 Kxa3 47. Kc2 b4 48. Kb1 Kb3 0-1

[Event "4NCL Division 4 South"]
[Site "Daventry, ENG"]
[Date "2019.04.14"]
[Round "8.132"]
[White "Vaidya, Raghav"]
[Black "Ramesh, Karthik R"]
[Result "1-0"]
[WhiteElo "1682"]
[BlackElo "1322"]
[PlyCount "63"]
[EventDate "2019.04.14"]
[WhiteTeam "Barnet Knights 2"]
[BlackTeam "Watford 2"]

1. e4 e5 2. Nf3 Nc6 3. Bc4 Bc5 4. c3 Nf6 5. d3 a6 6. Nbd2 b5 7. Bb3 d6 8. O-O
O-O 9. Re1 Ng4 10. Re2 Kh8 11. Nf1 f5 12. Ne3 f4 13. Nxg4 Bxg4 14. Rd2 Bxf3 15.
Qxf3 Qg5 16. Bd5 Rf6 17. Bxc6 Raf8 18. Bd7 h5 19. b4 Ba7 20. d4 Qh6 21. dxe5
dxe5 22. Bb2 g5 23. h3 R8f7 24. Bf5 Rg7 25. Rd8+ Rg8 26. Rxg8+ Kxg8 27. Rd1 Rd6
28. Rxd6 cxd6 29. Qd3 Kh8 30. Qd5 Qf8 31. Qb7 Qb8 32. Qh7# 1-0

[Event "4NCL Division 4 South"]
[Site "Daventry, ENG"]
[Date "2019.04.14"]
[Round "8.133"]
[White "Mehta, Kaveer"]
[Black "Wolstenholme, Otis"]
[Result "0-1"]
[WhiteElo "1375"]
[BlackElo "1697"]
[PlyCount "118"]
[EventDate "2019.04.14"]
[WhiteTeam "Watford 2"]
[BlackTeam "Barnet Knights 2"]

1. e4 e6 2. d4 d5 3. e5 c5 4. Nf3 cxd4 5. Nxd4 Nc6 6. Bb5 Bd7 7. O-O Nxe5 8.
Bf4 Nc6 9. a3 Nf6 10. Bg5 Be7 11. Nc3 O-O 12. Re1 Re8 13. Nxc6 Bxc6 14. Bd3 d4
15. Bxf6 Bxf6 16. Ne4 Be7 17. b4 b6 18. b5 Bb7 19. c3 dxc3 20. Nxc3 Bf6 21. Qd2
Rc8 22. Rac1 Bg5 23. f4 Qd4+ 24. Kh1 Qxf4 25. Qxf4 Bxf4 26. Rc2 Bd6 27. a4 Bb4
28. Rec1 Rxc3 29. Rxc3 Bxc3 30. Rxc3 Rc8 31. Rxc8+ Bxc8 32. Be4 $11 h6 33. g4
e5 34. Bf5 Bxf5 35. gxf5 Kf8 36. Kg2 Ke7 37. Kf3 Kf6 38. Ke4 h5 39. h4 g6 40.
fxg6 fxg6 41. Kf3 Kf5 42. Ke3 Kg4 43. Ke4 Kxh4 44. Kxe5 Kg4 45. Ke4 h4 46. Ke3
Kg3 47. Ke2 Kg2 48. Ke3 h3 49. Kf4 h2 50. Kg5 h1=Q 51. Kxg6 Qf1 52. Kg5 Qf3 53.
Kg6 Qf4 54. Kh5 Qg3 55. Kh6 Kf3 56. Kh7 Kf4 57. Kh8 Kf5 58. Kh7 Kf6 59. Kh8
Qg7# 0-1

[Event "4NCL Division 4 South"]
[Site "Daventry, ENG"]
[Date "2019.04.14"]
[Round "8.134"]
[White "Stoica, Savas Marin"]
[Black "Ball, Katie C"]
[Result "1-0"]
[WhiteElo "1637"]
[BlackElo "1300"]
[PlyCount "111"]
[EventDate "2019.04.14"]
[WhiteTeam "Barnet Knights 2"]
[BlackTeam "Watford 2"]

1. e4 e6 2. d3 d5 3. Nd2 Nf6 4. Ngf3 Nbd7 5. g3 Bb4 6. c3 Be7 7. Bg2 O-O 8. O-O
Nc5 9. e5 Nfd7 10. Qe2 b6 11. Nb3 Ba6 12. Rd1 f6 13. Nxc5 Nxc5 14. b4 Nd7 15.
Bh3 f5 16. Nd4 Kf7 17. Qh5+ Kg8 18. Nxe6 g6 19. Qh6 Rf7 20. Nxd8 Rxd8 21. e6
Bf8 22. exf7+ Kxf7 23. Qxh7+ Bg7 24. Bh6 Rg8 25. Bxf5 gxf5 26. Qxf5+ Nf6 27.
Bg5 Bc8 28. Qf3 Bg4 29. Qf4 Bxd1 30. Rxd1 Re8 31. Bxf6 Bxf6 32. g4 Kg7 33.
Qxc7+ Re7 34. Qc6 Re5 35. d4 Rg5 36. h3 Rg6 37. Qxd5 Kh6 38. Re1 Rg5 39. Qd6
Rg6 40. Re6 Kg5 41. f4+ Kh4 42. Rxf6 Rxf6 43. Qxf6+ Kxh3 44. g5 Kg3 45. g6 Kf3
46. g7 a5 47. d5 axb4 48. cxb4 b5 49. d6 Ke4 50. d7 Kd3 51. d8=R+ Kc2 52. g8=R
Kb1 53. Rd1+ Kc2 54. Qd6 Kc3 55. Qd4+ Kc2 56. Rg2# 1-0

[Event "4NCL Division 4 South"]
[Site "Daventry, ENG"]
[Date "2019.04.14"]
[Round "8.135"]
[White "Dasgupta, Avyukt"]
[Black "Carter, Rebecca"]
[Result "1-0"]
[WhiteElo "1255"]
[BlackElo "1610"]
[PlyCount "121"]
[EventDate "2019.04.14"]
[WhiteTeam "Watford 2"]
[BlackTeam "Barnet Knights 2"]

1. e4 c6 2. Nc3 d5 3. exd5 cxd5 4. d4 Nf6 5. Bf4 Bf5 6. Bd3 Bxd3 7. Qxd3 Nc6 8.
Nf3 e6 9. O-O Bb4 10. Nb5 O-O 11. a3 Be7 12. Nc3 Bd6 13. Ne5 Qc7 14. Rfe1 Nh5
15. g3 Nxf4 16. gxf4 Rfe8 17. Nb5 Qe7 18. Nxc6 bxc6 19. Nxd6 Qxd6 20. Qe3 Rac8
21. b4 Ra8 22. Qe5 Qb8 23. Kg2 Qb5 24. Qe2 Kf8 25. Qxb5 cxb5 26. Re3 Ke7 27. f5
Kf6 28. fxe6 Rxe6 29. Rf3+ Kg6 30. Rg3+ Kf6 31. Rf3+ Ke7 32. Rc3 Kd6 33. a4 Rb8
34. axb5 Rxb5 35. Rxa7 Rxb4 36. Rxf7 Rg6+ 37. Rg3 Rxd4 38. Rxg6+ hxg6 39. Rxg7
Rg4+ 40. Kf3 Rg1 41. Rg8 Ke5 42. Ke3 Re1+ 43. Kf3 Rg1 44. h4 Rc1 45. Rxg6 Rxc2
46. Rg5+ Kd4 47. h5 Rc1 48. Rg8 Rh1 49. Rh8 Kd3 50. h6 d4 51. Kg2 Rh5 52. h7
Kd2 53. f4 d3 54. f5 Rxf5 55. Rg8 Rh5 56. h8=Q Rxh8 57. Rxh8 Ke2 58. Re8+ Kd1
59. Kf2 Kc2 60. Rd8 Kd2 61. Rd7 1-0

[Event "4NCL Division 4 South"]
[Site "Daventry, ENG"]
[Date "2019.04.14"]
[Round "8.136"]
[White "Angelopoulos, Andreas"]
[Black "Tharkabhushanam, Anirvin"]
[Result "1-0"]
[WhiteElo "1562"]
[BlackElo "1225"]
[PlyCount "71"]
[EventDate "2019.04.14"]
[WhiteTeam "Barnet Knights 2"]
[BlackTeam "Watford 2"]

1. d4 d5 2. c4 Nf6 3. Nc3 g6 4. e3 Bg7 5. Nf3 Bg4 6. cxd5 Nxd5 7. Be2 Nxc3 8.
bxc3 O-O 9. O-O Bxf3 10. Bxf3 Nc6 11. Rb1 b6 12. Bxc6 Qd6 13. Bxa8 Rxa8 14. c4
c5 15. dxc5 Qxc5 16. Qb3 Qc7 17. Bb2 Be5 18. Bxe5 Qxe5 19. Qb5 Qc3 20. Qc6 Rd8
21. Qc7 Qd2 22. Qxe7 a5 23. Rxb6 Qd1 24. h3 Qd3 25. Rb7 Rf8 26. Rd7 Qxc4 27.
Rd8 Rxd8 28. Qxd8+ Kg7 29. Qd4+ Qxd4 30. exd4 Kf6 31. Rc1 Kg7 32. d5 f5 33. d6
Kf6 34. d7 Kg5 35. d8=Q+ Kf4 36. Qd2+ 1-0

[Event "4NCL Division 4 South"]
[Site "Daventry, ENG"]
[Date "2019.04.14"]
[Round "8.141"]
[White "Bellers, Chris J"]
[Black "Headlong, Benjamin"]
[Result "1-0"]
[WhiteElo "1929"]
[BlackElo "1765"]
[PlyCount "57"]
[EventDate "2019.04.14"]
[WhiteTeam "Wessex C"]
[BlackTeam "Check Innmates 3"]

1. Nf3 Nf6 2. c4 d5 3. e3 Bg4 4. Nc3 e5 5. cxd5 Nxd5 6. Qb3 Bxf3 7. gxf3 Nb6 8.
Qc2 a6 9. a3 Nc6 10. b4 Bd6 11. Bb2 Qf6 12. Be2 Qe6 13. Ne4 f5 14. Nc5 Bxc5 15.
bxc5 Nd7 16. Rg1 g6 17. f4 Rf8 18. fxe5 Ndxe5 19. f4 Nd7 20. Bg7 Qe7 21. Bxf8
Kxf8 22. Qb2 Qf6 23. Qxf6+ Nxf6 24. Bf3 Re8 25. Rb1 Nd4 26. Bxb7 Ng4 27. Rg2
Nc2+ 28. Ke2 Nd4+ 29. Kd3 1-0

[Event "4NCL Division 4 South"]
[Site "Daventry, ENG"]
[Date "2019.04.14"]
[Round "8.142"]
[White "O'Byrne, Daniel"]
[Black "Lovell, William Pm"]
[Result "0-1"]
[WhiteElo "1742"]
[BlackElo "1900"]
[PlyCount "102"]
[EventDate "2019.04.14"]
[WhiteTeam "Check Innmates 3"]
[BlackTeam "Wessex C"]

1. d4 d5 2. Nf3 Nf6 3. e3 Bf5 4. Bd3 Bg6 5. Ne5 e6 6. b3 Bd6 7. Bb2 Nbd7 8. f4
Ne4 9. g3 Ndf6 10. Bb5+ Kf8 11. Be2 c6 12. O-O Rc8 13. c4 a6 14. c5 Bc7 15. b4
Bxe5 16. dxe5 Nd7 17. g4 f5 18. exf6 gxf6 19. f5 exf5 20. gxf5 Bf7 21. Bh5 Bxh5
22. Qxh5 Qe7 23. Qh6+ Ke8 24. Rf3 Rg8+ 25. Kf1 Rg5 26. a3 Ne5 27. Bxe5 Qxe5 28.
Ra2 Rxf5 29. Rf4 Rxf4+ 30. exf4 Qf5 31. Rg2 Ng5 32. Re2+ Kf7 33. Qh5+ Kg8 34.
Re8+ Rxe8 35. Qxe8+ Kg7 36. Qe7+ Nf7 37. Qe1 Qxf4+ 38. Kg1 Ne5 39. Qg3+ Qxg3+
40. hxg3 Nc4 41. Kf2 Kg6 42. Kf3 Kf5 43. a4 h5 44. Nc3 Nd2+ 45. Ke3 Ne4 46. Ne2
Kg4 47. Nf4 Nc3 48. a5 Ne4 49. Ne6 Kxg3 50. Nd8 h4 51. Nxb7 h3 0-1

[Event "4NCL Division 4 South"]
[Site "Daventry, ENG"]
[Date "2019.04.14"]
[Round "8.143"]
[White "Gregory, Keith D F"]
[Black "Headlong, Georgia"]
[Result "1-0"]
[WhiteElo "1947"]
[BlackElo "1615"]
[PlyCount "61"]
[EventDate "2019.04.14"]
[WhiteTeam "Wessex C"]
[BlackTeam "Check Innmates 3"]

1. Nf3 Nc6 2. c4 e5 3. Nc3 g6 4. g3 Bg7 5. Bg2 d6 6. O-O h5 7. d3 Bh6 8. h4 f6
9. a3 Be6 10. b4 Qd7 11. Nd5 Nce7 12. e4 Nxd5 13. cxd5 Bh3 14. d4 Bxg2 15. Kxg2
Bxc1 16. Rxc1 Nh6 17. dxe5 dxe5 18. Rc5 O-O 19. Qd2 Ng4 20. Rfc1 Rac8 21. Qc3
Rf7 22. b5 Qd6 23. a4 g5 24. Rc2 Rg7 25. Qd2 Qe7 26. d6 Qd8 27. hxg5 fxg5 28.
Qd5+ Kh7 29. Qe6 Rg6 30. Qxc8 Qxc8 31. Rxc7+ 1-0

[Event "4NCL Division 4 South"]
[Site "Daventry, ENG"]
[Date "2019.04.14"]
[Round "8.144"]
[White "Ashraf, Zoha"]
[Black "Adaway, William"]
[Result "0-1"]
[WhiteElo "1570"]
[BlackElo "1863"]
[PlyCount "70"]
[EventDate "2019.04.14"]
[WhiteTeam "Check Innmates 3"]
[BlackTeam "Wessex C"]

1. e4 e5 2. Bc4 Nf6 3. Nc3 Nc6 4. d3 Na5 5. Nf3 Nxc4 6. dxc4 d6 7. O-O Be7 8.
h3 b6 9. Be3 Bb7 10. Nd2 O-O 11. Nd5 Nxd5 12. cxd5 f5 13. f3 f4 14. Bf2 Bh4 15.
Bxh4 Qxh4 16. Qe1 Qg5 17. Nb1 Rf6 18. Nc3 Ba6 19. Rf2 Rh6 20. Kh2 Bc8 21. Qf1
Bxh3 22. Rd2 Bxg2+ 23. Kg1 Bxf1+ 24. Kxf1 Rh1+ 25. Ke2 Qg2+ 26. Kd3 Qxf3+ 27.
Kc4 Rxa1 28. Rd3 Qf2 29. Kb3 a5 30. a4 Rc1 31. Rh3 Qxc2+ 32. Ka3 Ra1+ 33. Na2
b5 34. axb5 Qc5+ 35. b4 Qxb4# 0-1

[Event "4NCL Division 4 South"]
[Site "Daventry, ENG"]
[Date "2019.04.14"]
[Round "8.145"]
[White "Krawczuk, Michael J"]
[Black "Thooran, Kavin"]
[Result "1-0"]
[WhiteElo "1846"]
[BlackElo "1442"]
[PlyCount "67"]
[EventDate "2019.04.14"]
[WhiteTeam "Wessex C"]
[BlackTeam "Check Innmates 3"]

1. e4 e5 2. Nf3 Nc6 3. d4 exd4 4. Bc4 Nf6 5. O-O Be7 6. e5 Ng4 7. Bf4 d6 8.
exd6 Bxd6 9. Re1+ Be7 10. Nbd2 O-O 11. Nb3 Nf6 12. Nbxd4 Nxd4 13. Nxd4 Bc5 14.
c3 Bg4 15. Qd2 Qd7 16. h3 Bh5 17. Be5 Bg6 18. Qg5 Be7 19. Rad1 Rfc8 20. Bb5 c6
21. Nxc6 Qe6 22. Bd4 Qd6 23. Nxe7+ Kh8 24. Nxc8 Rxc8 25. Bxa7 Qc7 26. Qe3 Qa5
27. a4 Ra8 28. Bb6 Qxb6 29. Qxb6 Rf8 30. Rd8 Rxd8 31. Qxd8+ Ng8 32. Re8 h5 33.
Rxg8+ Kh7 34. Rh8# 1-0